[Event "Wroclaw-ch"]
[Site "Wroclaw"]
[Date "2004.??.??"]
[Round "3"]
[White "Wieczorek, Oskar"]
[Black "Mikusinski, Bartosz"]
[Result "0-1"]
[WhiteElo "1800"]
[BlackElo "2145"]
[PlyCount "80"]
[EventDate "2004.??.??"]
[EventType "swiss"]
[EventRounds "9"]
[EventCountry "POL"]
[SourceTitle "EXT 2007"]
[Source "ChessBase"]
[SourceDate "2006.11.23"]
[SourceVersion "1"]
[SourceVersionDate "2006.11.23"]
[SourceQuality "1"]

1. e4 c5 2. Nf3 e6 3. d4 cxd4 4. Nxd4 a6 5. Nc3 Qc7 6. Be2 Nf6 7. 0-0 Be7 8. f4 d6 9. a4 b6 10. Bf3 Bb7 11. e5 dxe5 12. fxe5 Nfd7 13. Bxb7 Qxb7 14. Qg4 Bc5 15. Be3 Nc6 16. Rxf7 Nxd4 17. Raf1 Nxe5 18. Rxb7 Nxg4 19. Rff7 Nxe3 20. Ne4 Bf8 21. Kf2 Ng4+ 22. Kg3 Ne5 23. Rfc7 Nf5+ 24. Kf4 Ng6+ 25. Kf3 b5 26. axb5 axb5 27. g4 Nd6 28. Nxd6+ Bxd6 29. Rxg7 b4 30. Rxh7 Rxh7 31. Rxh7 Rc8 32. c3 bxc3 33. bxc3 Rxc3+ 34. Ke4 Rc4+ 35. Kf3 Ne5+ 36. Ke2 Rxg4 37. Rh6 Kf7 38. Rh7+ Kf6 39. Rh6+ Ng6 40. Rh3 Nf4+ 0-1

[Event "POL-chT 2nd div South"]
[Site "Polanica Zdroj"]
[Date "1999.??.??"]
[Round "5"]
[White "Rybicki, Witold"]
[Black "Mikusinski, Bartosz"]
[Result "1/2-1/2"]
[WhiteElo "2090"]
[BlackElo "2206"]
[PlyCount "40"]
[EventDate "1999.09.17"]
[EventType "team-swiss"]
[EventRounds "10"]
[EventCountry "POL"]
[SourceTitle "EXT 2001"]
[Source "ChessBase"]
[SourceDate "2000.11.22"]
[SourceVersion "1"]
[SourceVersionDate "2000.11.22"]
[SourceQuality "1"]
[WhiteTeam "POL-chT 2nd div South 20"]
[BlackTeam "POL-chT 2nd div South 07"]
[WhiteTeamCountry "POL"]
[BlackTeamCountry "POL"]

1. d4 d6 2. Nf3 Nf6 3. c4 c6 4. Nc3 Qc7 5. e4 e5 6. d5 Bg4 7. Bg5 Be7 8. Qc2 Bxf3 9. gxf3 Nxd5 10. Nxd5 cxd5 11. Bxe7 Kxe7 12. exd5 Qa5+ 13. Kd1 Nd7 14. Rg1 g6 15. f4 f5 16. fxe5 Nxe5 17. f4 Qc5 18. Rg3 Qd4+ 19. Qd2 Qxd2+ 20. Kxd2 Ng4 1/2-1/2